000 01253nam a2200289 i 4500
001 159723
003 ES-MaACL
005 20230906211748.0
008 950322s1879 sp af |||| | spa d
100 1 _aMiquel y Badia, Francisco.
_9129958
245 1 3 _aLa habitación
_b: cartas a una señorita ; Muebles y tapices : segunda serie de cartas a una señotita sobre La habitación /
_cpor F. Miquel y Badía.
246 3 0 _aMuebles y tapices
260 _aBarcelona :
_bLibr. de Juan y Antonio Bastinos, ed.,
_c1879 (
_fImp. de Jaime Jepús)
300 _a173, 170 p. :
_bil. ;
_c19 cm.
490 1 _aEnciclopedia para la juventud
530 _aDisponible en formato digital.
599 _aAnteport. con il.
599 _aLas il. son grab. sobre distintos muebles, intercaladas en el texto. De las il. hay 11 h. de lám. lit. de estancias y tapices.
650 0 4 _aDecoración interior.
_911542
650 0 4 _aMuebles-
_vHistoria.
_915238
650 4 _aTapices-
_xHistoria.
_9161551
752 _aEspaña -
_dBarcelona
830 0 _aEnciclopedia para la juventud
_9221965
852 _aES-MaACL
_jF-7035
_z- Enc. pasta
856 _uhttp://bdh-rd.bne.es/viewer.vm?id=0000177350&page=1
_zBiblioteca Digital Hispánica
999 _c159723
_d159723